Sermón de el claustro, que en le convento de N.S.P. San Francisco de la ciudad de México, hizo con muchas otras obras ... Luis Morot

Detalles Bibliográficos
Autor principal: ARGÜELLO, Manuel de ( Fray )
Formato: Libro
Publicado: México 1702
Materias:
Colección:Banco de datos
Acervo:Biblioteca del Ex Convento de Nuestra Señora de Guadalupe. Zacatecas
Tema general:Homilética
Notas:Regular. XIII,1,1 (4415). Encuadernado con trece obras más
LEADER 00866nam a22001930004500
035 |a 46726 
036 |a 7910 
100 1 |a ARGÜELLO, Manuel de ( Fray ) 
245 1 0 |a Sermón de el claustro, que en le convento de N.S.P. San Francisco de la ciudad de México, hizo con muchas otras obras ... Luis Morot 
260 |a México  |b ed. Bernardino Gaspar Salvador de Meneses Monroy Mendoza, imp. Miguel de Ribera Calderón  |c 1702 
500 |a Regular. XIII,1,1 (4415). Encuadernado con trece obras más 
650 1 0 |a Homilética 
949 |a CRZ-CG 
959 |a Ex convento de Nuestra Señora de Guadalupe, Museo Regional de Zacatecas, Zacatecas  |b CCC4 
960 |a Convento de Nuestra Señora de Guadalupe, Zacatecas  |b DD87 
961 |a Franciscana  |b OF 
942 |c CRZ-CG 
943 |g Biblioteca del Ex Convento de Nuestra Señora de Guadalupe. Zacatecas 
999 |c 970853  |d 970853